Epitome of CAG's reports on the government of Bihar (Record no. 480670)

000 -LEADER
fixed length control field 00462cam a22001217a 4500
008 - FIXED-LENGTH DATA ELEMENTS--GENERAL INFORMATION
fixed length control field 180718b-- xxu||||| |||| 00| 0 eng d
082 ## - DEWEY DECIMAL CLASSIFICATION NUMBER
Classification number L906x5413 E
245 ## - TITLE STATEMENT
Title Epitome of CAG's reports on the government of Bihar
Statement of responsibility, etc. by Principal Accountant General (Audit), Bihar
260 ## - PUBLICATION, DISTRIBUTION, ETC.
Place of publication, distribution, etc. Patna
Name of publisher, distributor, etc. Preincipal Accountant General (Audit)
Date of publication, distribution, etc. --
500 ## - GENERAL NOTE
General note Library has 2007/08, 2008/09
650 ## - SUBJECT ADDED ENTRY--TOPICAL TERM
Topical term or geographic name entry element Auditing - India - Bihar
700 ## - ADDED ENTRY--PERSONAL NAME
Personal name Bihar. Principal Accountant General (Audit)
Holdings
Withdrawn status Lost status Damaged status Not for loan Permanent Location Current Location Date acquired Full call number Barcode Date last seen Price effective from Koha item type
        Indian Institute of Public Administration Indian Institute of Public Administration 2018-08-04 L906x5413 E GG31145 2018-08-04 2018-08-04 GG
        Indian Institute of Public Administration Indian Institute of Public Administration 2018-08-04 L906x5413 E GG31144 2018-08-04 2018-08-04 GG
        Indian Institute of Public Administration Indian Institute of Public Administration 2018-08-04 L906x5413 E GG29997 2018-08-04 2018-08-04 GG
        Indian Institute of Public Administration Indian Institute of Public Administration 2018-08-04 L906x5413 E GG29996 2018-08-04 2018-08-04 GG
        Indian Institute of Public Administration Indian Institute of Public Administration 2018-08-04 L906x5413 E GG29658 2018-08-04 2018-08-04 GG
        Indian Institute of Public Administration Indian Institute of Public Administration 2018-08-04 L906x5413 E GG29657 2018-08-04 2018-08-04 GG

Powered by Koha